LEADER 02374nam 2200625 a 450 001 9910780869903321 005 20230721024653.0 010 $a1-282-43742-9 010 $a9786612437427 010 $a0-300-15554-9 024 7 $a10.12987/9780300155549 035 $a(CKB)2520000000006640 035 $a(EBL)3420631 035 $a(SSID)ssj0000436662 035 $a(PQKBManifestationID)11261004 035 $a(PQKBTitleCode)TC0000436662 035 $a(PQKBWorkID)10428407 035 $a(PQKB)10215380 035 $a(MiAaPQ)EBC3420631 035 $a(DE-B1597)485043 035 $a(OCoLC)666900504 035 $a(DE-B1597)9780300155549 035 $a(Au-PeEL)EBL3420631 035 $a(CaPaEBR)ebr10351592 035 $a(CaONFJC)MIL243742 035 $a(OCoLC)923595286 035 $a(EXLCZ)992520000000006640 100 $a20080902d2009 uy 0 101 0 $aeng 135 $aur|n|---||||| 181 $ctxt 182 $cc 183 $acr 200 10$aFor the common good$b[electronic resource] $eprinciples of American academic freedom /$fMatthew W. Finkin and Robert C. Post 210 $aNew Haven [Conn.] $cYale University Press$dc2009 215 $a1 online resource (272 p.) 300 $aDescription based upon print version of record. 311 $a0-300-14354-0 320 $aIncludes bibliographical references (p. 191-241) and index. 327 $aThe historical origins of the concept of academic freedom -- The 1915 Declaration and the American concept of academic freedom -- Freedom of research and publication -- Freedom of teaching -- Freedom of intramural expression -- Freedom of extramural expression. 330 $aThis book offers a concise explanation of the history and meaning of American academic freedom, and it attempts to intervene in contemporary debates by clarifying the fundamental functions and purposes of academic freedom in America.--From publisher description. 606 $aAcademic freedom$zUnited States 615 0$aAcademic freedom 676 $a344.73/078 686 $a89.06$2bcl 686 $a86.52$2bcl 700 $aFinkin$b Matthew W$0547938 701 $aPost$b Robert$f1947-$0906429 801 0$bMiAaPQ 801 1$bMiAaPQ 801 2$bMiAaPQ 906 $aBOOK 912 $a9910780869903321 996 $aFor the common good$93751374 997 $aUNINA LEADER 02801nam 2200613 a 450 001 9910814073003321 005 20251116164045.0 010 $a9786613331960 010 $a9781283331968 010 $a1283331969 010 $a9781118008713 010 $a1118008715 010 $a9781118008720 010 $a1118008723 010 $a9781118008706 010 $a1118008707 035 $a(CKB)2550000000064125 035 $a(EBL)697503 035 $a(SSID)ssj0000611552 035 $a(PQKBManifestationID)12226703 035 $a(PQKBTitleCode)TC0000611552 035 $a(PQKBWorkID)10646757 035 $a(PQKB)11737516 035 $a(MiAaPQ)EBC697503 035 $a(OCoLC)764498836 035 $a(Perlego)1010999 035 $a(EXLCZ)992550000000064125 100 $a20101007d2012 uy 0 101 0 $aeng 135 $aur|n|---||||| 181 $ctxt 182 $cc 183 $acr 200 00$aComputational strategies for spectroscopy $efrom small molecules to nano systems /$fedited by Vincenzo Barone 205 $a1st ed. 210 $aHoboken, N.J. $cWiley$dc2012 215 $a1 online resource (594 p.) 300 $aBibliographic Level Mode of Issuance: Monograph 311 08$a9780470470176 311 08$a0470470178 320 $aIncludes bibliographical references and index. 327 $apt. 1. Electronic and spin states -- pt. 2A. Effects related to nuclear motions : time-independent models -- pt. 2B. Effects related to nuclear motions : time-dependent models. 330 8 $aComputational spectroscopy is a rapidly evolving field that is becoming a versatile and widespread tool for the assignment of experimental spectra and their interpretation as related to chemical physical effects. This book is devoted to the most significant methodological contributions in the field, and to the computation of IR, UV-VIS, NMR and EPR spectral parameters with reference to the underlying vibronic and environmental effects. Each section starts with a chapter written by an experimental spectroscopist dealing with present challenges in the different fields; comprehensive coverage of conventional and advanced spectroscopic techniques is provided by means of dedicated chapters written by experts. Computational chemists, analytical chemists and spectroscopists, physicists, materials scientists, and graduate students will benefit from this thorough resource. 606 $aSpectrum analysis$xData processing 615 0$aSpectrum analysis$xData processing. 676 $a543/.50285 701 $aBarone$b Vincenzo$f1964-$0444095 801 0$bMiAaPQ 801 1$bMiAaPQ 801 2$bMiAaPQ 906 $aBOOK 912 $a9910814073003321 996 $aComputational strategies for spectroscopy$94472576 997 $aUNINA